Normal view
MARC view
- Institute for Media Analysis
Entry Corporate Name
001 - CONTROL NUMBER
- control field: 106528
003 - CONTROL NUMBER IDENTIFIER
- control field: NUST
005 - DATE AND TIME OF LATEST TRANSACTION
- control field: 20221230173431.0
008 - FIXED-LENGTH DATA ELEMENTS
- fixed length control field: 221230|| aca||aabn | a|a d
040 ## - CATALOGING SOURCE
- Original cataloging agency: NUST
- Transcribing agency: NUST
110 ## - HEADING--CORPORATE NAME
- Corporate name or jurisdiction name as entry element: Institute for Media Analysis
670 ## - SOURCE DATA FOUND
- Source citation: Work cat.: (NUST)185289: Covert action :the roots of terrorism /, 2003.
